Behavioural Dimorphism in Male Ruffs : (Registro nro. 19984)
[ vista simple ]
| 000 -CABECERA | |
|---|---|
| Campo de control | 00638nam a2200205 a 4500 |
| 005 - FECHA Y HORA DE LA ULTIMA TRANSACCION | |
| Campo de control | 20180803170435.0 |
| 008 - ELEMENTOS DE LONGITUD FIJA—INFORMACION GENERAL | |
| Campo de control | 171124b1973 xxuad||| |||| 00| 0 spa d |
| 040 ## - FUENTE DE CATALOGACIÓN | |
| Agencia catalogadora original | CO-BoIAVH |
| Agencia transcriptora | CO-BoIAVH |
| 041 0# - IDIOMA | |
| Código de idioma para texto/pista de sonido o título separado | Inglés |
| 044 ## - PAÍS DE PUBLICACIÓN | |
| País de publicación | Holanda |
| 082 04 - NUMERO DE CLASIFICACION DECIMAL DEWEY | |
| Número de clasificación | 598.0723 |
| Número del ítem | R47b |
| 100 1# - ASIENTO PRINCIPAL--NOMBRE PERSONAL | |
| Nombre personal | Van Rhijn, J.G. |
| Término relacionado | autor |
| 9 (RLIN) | 87195 |
| 245 10 - MENCION DE TITULO | |
| Título | Behavioural Dimorphism in Male Ruffs : |
| Parte restante del título | philomachus pugnax |
| 260 ## - PUBLICACION, DISTRIBUCION, ETC. (PIE DE IMPRENTA) | |
| Lugar de publicación, distribución, etc. | Holanda : |
| Nombre del editor, distribuidor, etc. | Groninga (Holanda) , |
| Fecha de publicación, distribución, etc. | 1973. |
| 300 ## - DESCRIPCION FISICA | |
| Extensión | 229 páginas : |
| Otros detalles físicos | Ilustraciones y gráficas ; |
| Dimensiones | 24 x 16 cm. |
| 650 26 - ASIENTO SECUNDARIO DE MATERIA - TERMINO TEMATICO | |
| Término temático o nombre geográfico como elemento de entrada | Ave Endemica |
| 9 (RLIN) | 73415 |
| 650 26 - ASIENTO SECUNDARIO DE MATERIA - TERMINO TEMATICO | |
| Término temático o nombre geográfico como elemento de entrada | Zoología |
| 9 (RLIN) | 93081 |
| 650 24 - ASIENTO SECUNDARIO DE MATERIA - TERMINO TEMATICO | |
| Término temático o nombre geográfico como elemento de entrada | Philomachus Pugnax |
| 9 (RLIN) | 87196 |
| 942 ## - ELEMENTOS ADICIONALES (KOHA) | |
| Sistema de clasificación | Dewey Decimal Classification |
| Tipo de ítem | Libro |
| Withdrawn status | Lost status | Sistema de Clasificación | Damaged status | No para préstamo | Colección | Ubicación Permanente | Ubicación actual | Fecha de adquisición | Total Checkouts | Número topográfico | Inventario / Código de Barras | Date last seen | Ejemplar | Price effective from | Forma de adquisición | Tipo de material |
|---|---|---|---|---|---|---|---|---|---|---|---|---|---|---|---|---|
| Dewey Decimal Classification | General | Bogotá | Bogotá | 24/11/2017 | LB-598.0723 R47b | 021977 | 24/11/2017 | Ej.1 | 24/11/2017 | Donación | Libro |